[Event "Prval iga CS"]
[Site "www.sah-centralnasrbija.com"]
[Date "2013.09.15"]
[Round "?"]
[White "Nestorovic Nikola"]
[Black "Pavlovic Milos"]
[Result "0-1"]
[WhiteElo "2439"]
[BlackElo "2496"]
[PlyCount "86"]
[EventDate "2013.??.??"]

1. e4 e5 2. Nf3 Nc6 3. Bb5 Nf6 4. O-O Nxe4 5. Re1 Nd6 6. Nxe5 Be7 7. Bd3 Nxe5
8. Rxe5 O-O 9. Nc3 c6 10. Re1 Ne8 11. Qe2 Bf6 12. Ne4 d6 13. Nxf6+ Nxf6 14. b3
Re8 15. Qf1 Be6 16. Bb2 Nd5 17. f4 Qh4 18. g3 Qh6 19. Be4 Nf6 20. Bg2 Bf5 21.
d3 Ng4 22. Bh3 Bd7 23. Bxg4 Bxg4 24. Rxe8+ Rxe8 25. Re1 Re6 26. Bc3 Qh5 27.
Rxe6 Bxe6 28. Bd4 c5 29. Be3 h6 30. h4 d5 31. Kf2 d4 32. Bd2 Qd5 33. Qg2 Qd7
34. Ke1 Bg4 35. Qe4 b5 36. Qa8+ Kh7 37. Qe4+ f5 38. Qg2 Qe6+ 39. Kf1 Qa6 40.
Qd5 Qxa2 41. Qxc5 Qb1+ 42. Be1 Qd1 43. Qe5 Qf3+ 0-1

[Event "Prval iga CS"]
[Site "www.sah-centralnasrbija.com"]
[Date "2013.09.15"]
[Round "?"]
[White "Tadic Branko"]
[Black "Marinkovic Ivan"]
[Result "1/2-1/2"]
[WhiteElo "2486"]
[BlackElo "2448"]
[PlyCount "49"]
[EventDate "2013.??.??"]

1. c4 c5 2. g3 Nc6 3. Bg2 g6 4. Nc3 Bg7 5. d3 b6 6. e3 Bb7 7. Nge2 Na5 8. e4 e6
9. Bf4 d6 10. Qa4+ Bc6 11. Qa3 Ne7 12. b4 cxb4 13. Qxb4 e5 14. Bg5 h6 15. Be3
O-O 16. Nb5 Nb7 17. Rd1 a6 18. Nbc3 b5 19. cxb5 axb5 20. O-O Qa5 21. Rb1 Qxb4
22. Rxb4 Nc5 23. Rd1 Na6 24. Rb2 b4 25. Nb1 1/2-1/2

[Event "Prval iga CS"]
[Site "www.sah-centralnasrbija.com"]
[Date "2013.09.15"]
[Round "?"]
[White "Simonovic Aleksandar"]
[Black "Roganovic Milos"]
[Result "1/2-1/2"]
[WhiteElo "2365"]
[BlackElo "2497"]
[PlyCount "46"]
[EventDate "2013.??.??"]

1. e4 c5 2. Nf3 Nc6 3. Bb5 g6 4. O-O Bg7 5. Re1 Nf6 6. Nc3 O-O 7. e5 Ne8 8.
Bxc6 dxc6 9. d3 h6 10. Be3 b6 11. a4 Nc7 12. a5 Be6 13. h3 Nd5 14. Bd2 Qc7 15.
Ne4 Qd7 16. Ra4 f5 17. exf6 exf6 18. c4 Nc7 19. axb6 axb6 20. Rxa8 Nxa8 21. Bc3
g5 22. Ng3 Bf7 23. d4 Bxc4 1/2-1/2

[Event "Prval iga CS"]
[Site "www.sah-centralnasrbija.com"]
[Date "2013.09.15"]
[Round "?"]
[White "Markovic Ivan J"]
[Black "Nestorovic Lazar"]
[Result "1/2-1/2"]
[WhiteElo "2471"]
[BlackElo "2391"]
[PlyCount "55"]
[EventDate "2013.??.??"]

1. e4 e5 2. Nf3 Nc6 3. Bc4 d6 4. c3 Bg4 5. Qb3 Qd7 6. Qxb7 Rb8 7. Qa6 Bxf3 8.
gxf3 Nf6 9. d3 d5 10. Bb5 Rb6 11. Qa4 a6 12. Bxc6 Rxc6 13. Bg5 Be7 14. Nd2 O-O
15. Bxf6 Bxf6 16. exd5 Qxd5 17. Qe4 Qe6 18. Nc4 Bg5 19. Nxe5 Re8 20. d4 f5 21.
Qc2 Rb6 22. O-O Bf4 23. Rfe1 Qh6 24. Qxf5 Qxh2+ 25. Kf1 Rf8 26. Qg4 Bxe5 27.
Rxe5 Rg6 28. Rh5 1/2-1/2

[Event "Prval iga CS"]
[Site "www.sah-centralnasrbija.com"]
[Date "2013.09.15"]
[Round "?"]
[White "Tomic Branko"]
[Black "Parligras Mircea-Emilian"]
[Result "0-1"]
[WhiteElo "2447"]
[BlackElo "2560"]
[PlyCount "70"]
[EventDate "2013.??.??"]

1. e4 c5 2. Nf3 d6 3. d4 cxd4 4. Nxd4 Nf6 5. Nc3 a6 6. Bg5 e6 7. f4 Qc7 8. Bxf6
gxf6 9. Qf3 b5 10. a3 Nc6 11. Nxc6 Qxc6 12. O-O-O Rb8 13. f5 Qc5 14. fxe6 fxe6
15. e5 Qxe5 16. Bd3 Bh6+ 17. Kb1 O-O 18. Rhe1 Qf4 19. Qc6 d5 20. Ne2 Qg4 21.
Nd4 e5 22. Qxd5+ Kh8 23. Qd6 Rb7 24. Nf3 Rd7 25. Qb6 Bg7 26. Rd2 Bb7 27. Bxh7
Rxd2 28. Nxd2 Qxg2 29. Ne4 Bc8 30. Rg1 Qh3 31. Bg6 Bf5 32. Nf2 Qxh2 33. Ng4
Qxc2+ 34. Ka1 Bxg6 35. Rh1+ Bh7 0-1

[Event "Prva liga centralne Srbije 2013"]
[Site "Kragujevac"]
[Date "2013.09.15"]
[Round "2.2"]
[White "Perunovic, Miodrag"]
[Black "Dimitrijevic, Srdjan"]
[Result "1-0"]
[WhiteElo "2418"]
[BlackElo "2307"]
[PlyCount "75"]
[EventDate "2013.09.14"]

1. d4 d5 2. c4 c6 3. Nf3 Nf6 4. e3 a6 5. Bd2 e6 6. Qc2 Nbd7 7. Nc3 dxc4 8. Bxc4
b5 9. Be2 c5 10. a4 b4 11. Ne4 Nxe4 12. Qxe4 Rb8 13. O-O Bb7 14. Qf4 Be7 15.
dxc5 Bxc5 16. Rfd1 O-O 17. Rac1 Qe7 18. Be1 Rfc8 19. Rxd7 Qxd7 20. Rxc5 Qxa4
21. Rxc8+ Rxc8 22. Ng5 Qd7 23. Qxb4 Rc1 24. f4 h6 25. Nf3 Qd5 26. Kf2 Rc2 27.
Bc3 a5 28. Qd4 f6 29. Qxd5 Bxd5 30. Nd4 Rc1 31. Bxa5 e5 32. fxe5 fxe5 33. Nf5
Kf7 34. Bc3 Kf6 35. Nd6 Rc2 36. e4 Ke6 37. exd5+ Kxd6 38. Ke3 1-0

[Event "Prva liga centralne Srbije 2013"]
[Site "Kragujevac"]
[Date "2013.09.15"]
[Round "2.2"]
[White "Jovic, Stanoje"]
[Black "Radovanovic, Dusan"]
[Result "0-1"]
[WhiteElo "2328"]
[BlackElo "2377"]
[PlyCount "80"]
[EventDate "2013.09.14"]

1. c4 e5 2. Nc3 Nc6 3. Nf3 Nf6 4. e3 Bb4 5. Qc2 a5 6. Nd5 Bc5 7. b3 d6 8. a3
Be6 9. Nxf6+ Qxf6 10. Bb2 Bf5 11. Bd3 Bxd3 12. Qxd3 O-O 13. Qc2 Qe7 14. d3 f5
15. O-O Ba7 16. Bc3 g5 17. Rfe1 g4 18. Nd2 Qh4 19. g3 Qh3 20. Kh1 Rf6 21. f4
Re8 22. Nf1 Rfe6 23. Qg2 Qxg2+ 24. Kxg2 exf4 25. gxf4 Bxe3 26. Ng3 Bxf4 27.
Rxe6 Rxe6 28. Re1 Rxe1 29. Bxe1 Bxg3 30. Kxg3 Kf7 31. Kf4 Kg6 32. Bc3 b6 33. d4
Nd8 34. d5 Nf7 35. Be1 Ng5 36. Bh4 h6 37. Bg3 Nh3+ 38. Ke3 f4+ 39. Bxf4 Nxf4
40. Kxf4 h5 0-1

[Event "Prva liga centralne Srbije 2013"]
[Site "Kragujevac"]
[Date "2013.09.15"]
[Round "2.2"]
[White "Marcetic, Nikola"]
[Black "Zivkovic, Nemanja"]
[Result "1-0"]
[WhiteElo "2395"]
[BlackElo "2274"]
[PlyCount "63"]
[EventDate "2013.09.14"]

1. d4 d6 2. Nf3 Nf6 3. g3 Nbd7 4. Bg2 e5 5. O-O Be7 6. c4 c6 7. Nc3 O-O 8. Qc2
Re8 9. h3 Bf8 10. e4 a6 11. Be3 b5 12. d5 b4 13. dxc6 bxc3 14. cxd7 Qxd7 15. b3
Bb7 16. Nh4 Rec8 17. Bg5 Qe6 18. Bxf6 Qxf6 19. Nf5 g6 20. Ne3 Be7 21. Qxc3 Bd8
22. Rad1 a5 23. Qd2 Bc7 24. f4 Bb6 25. Kh2 h5 26. Nd5 Bxd5 27. Qxd5 exf4 28.
Rxf4 Qe7 29. Rdf1 Rf8 30. Rf6 Kg7 31. e5 dxe5 32. Rxb6 1-0

[Event "Prva liga centralne Srbije 2013"]
[Site "Kragujevac"]
[Date "2013.09.15"]
[Round "2.2"]
[White "Stankovic, Ivan G"]
[Black "Radivojevic, Ivan"]
[Result "0-1"]
[WhiteElo "2238"]
[BlackElo "2352"]
[PlyCount "96"]
[EventDate "2013.09.14"]

1. d4 Nf6 2. Nf3 e6 3. e3 b6 4. Bd3 Bb7 5. Nbd2 c5 6. O-O Be7 7. b3 O-O 8. Bb2
cxd4 9. exd4 d6 10. c4 Nbd7 11. Qe2 Re8 12. Rad1 Rc8 13. Rfe1 Bf8 14. Bb1 Qc7
15. Qd3 d5 16. Ne5 g6 17. Rc1 Qb8 18. Ndf3 Bh6 19. Rc2 Red8 20. Nxd7 Nxd7 21.
c5 Bg7 22. b4 bxc5 23. bxc5 Bc6 24. Bc3 e5 25. Nxe5 Nxe5 26. dxe5 d4 27. Ba5
Rd5 28. f4 Ba4 29. Rcc1 Rcxc5 30. Bd2 Rxc1 31. Rxc1 Bd7 32. Bc2 Bf5 33. Qf3 Rc5
34. Bxf5 Rxc1+ 35. Bxc1 gxf5 36. Bd2 Qb1+ 37. Qf1 Qxa2 38. Qd3 Bf8 39. Qxd4 a5
40. Bc3 a4 41. h3 a3 42. Qd8 h6 43. Qf6 Qc4 44. e6 Bc5+ 45. Kh2 Qxf4+ 46. Kh1
Qf1+ 47. Kh2 Bg1+ 48. Kg3 Qf2# 0-1

[Event "Prva liga centralne Srbije 2013"]
[Site "Kragujevac"]
[Date "2013.09.15"]
[Round "2.2"]
[White "Vuckovic, Branko"]
[Black "Krstic, Ranko"]
[Result "1/2-1/2"]
[WhiteElo "2263"]
[BlackElo "2203"]
[PlyCount "65"]
[EventDate "2013.09.14"]

1. e4 d6 2. d4 Nf6 3. Nc3 g6 4. Be3 c6 5. Qd2 b5 6. a3 Nbd7 7. f3 Qa5 8. d5
cxd5 9. Nxb5 Qxd2+ 10. Kxd2 Kd8 11. exd5 Nxd5 12. Bxa7 Bh6+ 13. Ke1 Be3 14. Bc4
N7f6 15. Bxd5 Nxd5 16. Bd4 Re8 17. Ne2 Ba6 18. c4 Bxd4 19. Nexd4 Ne3 20. Rc1 e5
21. Nc6+ Kd7 22. Nb4 Rec8 23. Nxa6 Rxa6 24. b3 Nxg2+ 25. Kf2 Nf4 26. Rhd1 d5
27. Rd2 Ke7 28. Re1 dxc4 29. Rxe5+ Ne6 30. Rc2 Kf6 31. Re4 Rc5 32. a4 Rh5 33.
Rexc4 1/2-1/2

[Event "Prva liga centralne Srbije 2013"]
[Site "Kragujevac"]
[Date "2013.09.15"]
[Round "2.3"]
[White "Mitrovic, Darko R"]
[Black "Dudukovic, Nikola"]
[Result "0-1"]
[WhiteElo "2278"]
[BlackElo "2352"]
[PlyCount "102"]
[EventDate "2013.09.14"]

1. d4 c5 2. dxc5 Na6 3. g3 Nxc5 4. Bg2 Nf6 5. c4 d6 6. Nf3 g6 7. O-O Bg7 8. Nc3
O-O 9. Nd4 Qb6 10. b3 Bd7 11. Bg5 Bc6 12. Rc1 Bxg2 13. Kxg2 Nce4 14. Nxe4 Nxe4
15. Be3 Nf6 16. f3 Qd8 17. Qd2 d5 18. c5 e5 19. Nb5 Qd7 20. Nd6 d4 21. Bg5 Ne8
22. Nxe8 Rfxe8 23. Qd3 e4 24. fxe4 Qc6 25. Rf2 Re5 26. Bd2 Rxe4 27. Kg1 f5 28.
b4 a6 29. Qb3+ Kh8 30. a4 Qe8 31. Kf1 Rc8 32. Bf4 Re6 33. b5 axb5 34. axb5 Qd7
35. Rf3 Rce8 36. Rc2 h6 37. Qc4 g5 38. Bc1 Qf7 39. Qd5 Qh5 40. Rf2 Re5 41. Qc4
Qh3+ 42. Ke1 f4 43. gxf4 Re4 44. Rd2 Qh4 45. Ra2 gxf4 46. c6 bxc6 47. bxc6 f3
48. c7 fxe2 49. Qf7 d3 50. Qf5 Bd4 51. Be3 Bxe3 0-1

[Event "Prva liga centralne Srbije 2013"]
[Site "Kragujevac"]
[Date "2013.09.15"]
[Round "2.3"]
[White "Organdziev, Oliver"]
[Black "Djokic, Vladan"]
[Result "1-0"]
[WhiteElo "2308"]
[BlackElo "2310"]
[PlyCount "95"]
[EventDate "2013.09.14"]

1. e4 c5 2. Nf3 e6 3. c3 Nf6 4. Bd3 Nc6 5. Bc2 Be7 6. O-O b5 7. d3 d5 8. e5 Nd7
9. Re1 a5 10. d4 cxd4 11. Nxd4 Nxd4 12. cxd4 h5 13. Nc3 Ba6 14. Ne2 Rc8 15. Be3
Nb6 16. b3 Qc7 17. Bd3 Qb7 18. Nf4 b4 19. Bxa6 Qxa6 20. Nxh5 g6 21. Nf4 Na8 22.
Rc1 Rxc1 23. Qxc1 Kd7 24. Qd1 Nc7 25. g3 Nb5 26. Qd3 Qb7 27. Ne2 Rc8 28. Rc1
Rxc1+ 29. Bxc1 Qc6 30. Bb2 a4 31. bxa4 Na7 32. a3 Qxa4 33. axb4 Qxb4 34. Bc1
Nc6 35. h4 Qc4 36. Qd1 f6 37. exf6 Bxf6 38. Be3 e5 39. dxe5 Nxe5 40. Nd4 Ke7
41. h5 gxh5 42. Qxh5 Qd3 43. Qh3 Qd1+ 44. Kg2 Qg4 45. Qh7+ Ke8 46. f3 Qg6 47.
Qh3 Be7 48. Qh8+ 1-0

[Event "Prva liga centralne Srbije 2013"]
[Site "Kragujevac"]
[Date "2013.09.15"]
[Round "2.4"]
[White "Mrsevic, Miroslav"]
[Black "Milanovic, Slavisa"]
[Result "1/2-1/2"]
[WhiteElo "2286"]
[BlackElo "2419"]
[PlyCount "64"]
[EventDate "2013.09.14"]

1. f4 c5 2. g3 Nc6 3. Bg2 d5 4. Nf3 Nf6 5. d3 e6 6. O-O Be7 7. c4 O-O 8. Nc3 d4
9. Ne4 Nxe4 10. dxe4 e5 11. f5 a6 12. Bd2 b5 13. Rc1 Rb8 14. b3 bxc4 15. Rxc4
a5 16. f6 Bxf6 17. Rxc5 Bb7 18. Qc1 Rc8 19. Bh3 Be7 20. Bxc8 Qxc8 21. Rb5 Qa8
22. Nxe5 Nxe5 23. Rxe5 Bd6 24. Rxa5 Qe8 25. e5 Bxe5 26. Qc5 Bxg3 27. Qg5 Bc7
28. Ra7 Qxe2 29. Rf2 Qd1+ 30. Rf1 Qe2 31. Rf2 Qd1+ 32. Rf1 Qe2 1/2-1/2

[Event "Prva liga centralne Srbije 2013"]
[Site "Kragujevac"]
[Date "2013.09.15"]
[Round "2.4"]
[White "Ivanovic, Dragutin"]
[Black "Kahrovic, Mersid"]
[Result "0-1"]
[WhiteElo "2360"]
[BlackElo "2298"]
[PlyCount "121"]
[EventDate "2013.09.14"]

1. d4 Nf6 2. c4 e6 3. Nc3 d5 4. cxd5 exd5 5. Bg5 c6 6. e3 Be7 7. Qc2 Be6 8. Bd3
h6 9. Bh4 Nbd7 10. Nf3 O-O 11. O-O Rc8 12. Na4 Ne8 13. Bxe7 Qxe7 14. Rfc1 Bg4
15. Nd2 b6 16. Nc3 Ndf6 17. Rab1 Nd6 18. b4 Qd7 19. h3 Bf5 20. Bxf5 Nxf5 21.
Nf3 Nd6 22. Ne5 Qb7 23. Qb3 b5 24. Ne2 Nc4 25. Rd1 Ne4 26. Nxc4 bxc4 27. Qc2
Rfe8 28. a4 a6 29. Re1 Rb8 30. f3 Nd6 31. Nc3 Qa7 32. Qd2 f5 33. Kh1 Rb7 34. g4
Qb8 35. gxf5 Nxf5 36. e4 Ng3+ 37. Kg1 dxe4 38. fxe4 Re6 39. e5 Rxb4 40. Qf2 Rg6
41. Kh2 h5 42. Qc2 Rxb1 43. Rxb1 Qe8 44. Ne4 Nxe4 45. Qxe4 Qf7 46. Qe3 Qf5 47.
Rg1 Rxg1 48. Kxg1 Kf7 49. Kg2 Ke6 50. Qg3 g5 51. Qc3 Qd3 52. Qb2 h4 53. Qb6
Qg3+ 54. Kf1 Qxh3+ 55. Ke2 Qg2+ 56. Ke3 Qg1+ 57. Ke4 Qg4+ 58. Ke3 Qf4+ 59. Ke2
Qe4+ 60. Kd2 Qd3+ 61. Kc1 0-1

[Event "Prva liga centralne Srbije 2013"]
[Site "Kragujevac"]
[Date "2013.09.15"]
[Round "2.4"]
[White "Dumic, Marko"]
[Black "Blesic, Vaso"]
[Result "0-1"]
[WhiteElo "2266"]
[BlackElo "2375"]
[PlyCount "98"]
[EventDate "2013.09.14"]

1. d4 Nf6 2. Nf3 g6 3. g3 c5 4. d5 b5 5. a4 Bb7 6. axb5 Nxd5 7. Bg2 Nb6 8. b3
Bg7 9. Ra2 a6 10. bxa6 Rxa6 11. Rxa6 Nxa6 12. O-O O-O 13. Bd2 d5 14. Ba5 Qd6
15. Nfd2 Rb8 16. e4 e6 17. exd5 exd5 18. Re1 Nb4 19. c4 Bd4 20. cxd5 N6xd5 21.
Nf3 Bg7 22. Na3 Qa6 23. Nc4 Bc3 24. Bxb4 Nxb4 25. Re7 Nd5 26. Rd7 Nf6 27. Rd3
Qa1 28. Qxa1 Bxa1 29. Nfd2 Ba6 30. Rd6 Bxc4 31. bxc4 Bd4 32. Kf1 Rb2 33. Ke1
Ng4 34. f3 Ne3 35. Bf1 Rxd2 36. Kxd2 Nxf1+ 37. Ke2 Ne3 38. Kd3 h5 39. h3 Kg7
40. Rd7 Nd1 41. Ke2 Nf2 42. h4 Nh1 43. g4 hxg4 44. fxg4 Nf2 45. g5 Ng4 46. Rxd4
cxd4 47. Kd3 Ne5+ 48. Kxd4 Nf3+ 49. Kd5 Nxh4 0-1

[Event "Prva liga centralne Srbije 2013"]
[Site "Kragujevac"]
[Date "2013.09.15"]
[Round "2.4"]
[White "Sandic, Vladeta"]
[Black "Brajovic, Miroljub"]
[Result "1-0"]
[WhiteElo "2326"]
[BlackElo "2135"]
[PlyCount "75"]
[EventDate "2013.09.14"]

1. d4 Nf6 2. c4 d5 3. cxd5 c6 4. Nc3 cxd5 5. Bf4 e6 6. e3 Bd6 7. Bxd6 Qxd6 8.
f4 O-O 9. Bd3 b6 10. Qe2 Bb7 11. Nf3 Ne4 12. O-O f5 13. Rac1 a6 14. Ne5 Nd7 15.
Rc2 b5 16. Rfc1 Rac8 17. a4 Nxc3 18. Rxc3 Rxc3 19. Rxc3 b4 20. Rc1 a5 21. Bb5
Nxe5 22. fxe5 Qb6 23. g3 Rc8 24. Rxc8+ Bxc8 25. Qc2 Qd8 26. Qc6 Kf7 27. Kf2 g5
28. h3 h5 29. Kg2 h4 30. g4 fxg4 31. hxg4 Kg7 32. Qd6 Qf8 33. Qc7+ Qf7 34. Qxc8
h3+ 35. Kg3 h2 36. Qc1 Qg6 37. Kxh2 Qh7+ 38. Kg2 1-0

[Event "Prva liga centralne Srbije 2013"]
[Site "Kragujevac"]
[Date "2013.09.15"]
[Round "2.4"]
[White "Kijanovic, Igor"]
[Black "Ratkovic, Miloje"]
[Result "1-0"]
[WhiteElo "2004"]
[BlackElo "2261"]
[PlyCount "77"]
[EventDate "2013.09.14"]

1. d4 d5 2. c4 c6 3. Nc3 Nf6 4. Nf3 a6 5. e3 b5 6. b3 Bg4 7. Be2 Nbd7 8. O-O e6
9. h3 Bh5 10. Bb2 Bd6 11. Nd2 Bg6 12. c5 Bc7 13. f4 O-O 14. b4 a5 15. a3 Qe7
16. Qe1 Nb8 17. Nf3 Na6 18. Ne5 Bxe5 19. fxe5 Ne4 20. Nxe4 Bxe4 21. bxa5 f6 22.
exf6 Rxf6 23. Rxf6 Qxf6 24. Qg3 Nxc5 25. Rf1 Bf5 26. Qc7 Ne4 27. g4 Qh6 28. Bc1
Qxh3 29. gxf5 Ng3 30. Bd3 Qh1+ 31. Kf2 Qh2+ 32. Ke1 Nxf1 33. Qxc6 Rf8 34. Qxe6+
Kh8 35. Bxf1 Qc2 36. Bd2 h6 37. Bh3 Qb2 38. Ke2 Qa1 39. Bf1 1-0

[Event "Prva liga centralne Srbije 2013"]
[Site "Kragujevac"]
[Date "2013.09.15"]
[Round "2.5"]
[White "Pancevski, Filip"]
[Black "Galkin, Alexander"]
[Result "1/2-1/2"]
[WhiteElo "2500"]
[BlackElo "2626"]
[PlyCount "28"]
[EventDate "2013.09.14"]

1. e4 c6 2. d3 d5 3. Nd2 e5 4. Ngf3 Bd6 5. g3 Nf6 6. Bg2 O-O 7. O-O Re8 8. Re1
h6 9. b3 a5 10. Bb2 d4 11. c3 dxc3 12. Bxc3 c5 13. Nc4 Nc6 14. a4 Bc7 1/2-1/2

[Event "Prva liga centralne Srbije 2013"]
[Site "Kragujevac"]
[Date "2013.09.15"]
[Round "2.5"]
[White "Begus, Drasko"]
[Black "Dezelin, Milan"]
[Result "1/2-1/2"]
[WhiteElo "2345"]
[BlackElo "2296"]
[PlyCount "23"]
[EventDate "2013.09.14"]

1. d4 Nf6 2. Nf3 e6 3. g3 c5 4. Bg2 Nc6 5. O-O d5 6. c4 dxc4 7. Ne5 Bd7 8. Na3
Rc8 9. Naxc4 cxd4 10. Bf4 Nd5 11. Nxc6 Bxc6 12. Be5 1/2-1/2

[Event "Prva liga centralne Srbije 2013"]
[Site "Kragujevac"]
[Date "2013.09.15"]
[Round "2.5"]
[White "Mladenovic, Stefan"]
[Black "Ignjatovic, Predrag"]
[Result "1-0"]
[WhiteElo "2274"]
[BlackElo "2290"]
[PlyCount "69"]
[EventDate "2013.09.14"]

1. d4 Nf6 2. Nf3 e6 3. c4 d5 4. Nc3 c6 5. Bg5 dxc4 6. e4 b5 7. e5 h6 8. Bh4 g5
9. Nxg5 hxg5 10. Bxg5 Be7 11. Bxf6 Bxf6 12. exf6 Qxf6 13. Qd2 Nd7 14. Ne4 Qe7
15. O-O-O Nf6 16. Nxf6+ Qxf6 17. g3 Bb7 18. Bg2 O-O-O 19. Qe3 Rd7 20. Rd2 Qd8
21. Qc3 Qb6 22. h4 Rhd8 23. Rhd1 a5 24. h5 Ba6 25. h6 b4 26. Qf3 f5 27. Qe3 Kb7
28. Qxe6 Qb5 29. d5 Ka7 30. dxc6 Rxd2 31. Rxd2 Rxd2 32. Qe3+ Kb8 33. Qxd2 c3
34. bxc3 Qe5 35. Qd8+ 1-0

[Event "Prva liga centralne Srbije 2013"]
[Site "Kragujevac"]
[Date "2013.09.15"]
[Round "2.5"]
[White "Ljubinkovic, Miodrag"]
[Black "Djordjevic, Vuk"]
[Result "1/2-1/2"]
[WhiteElo "2255"]
[BlackElo "2123"]
[PlyCount "67"]
[EventDate "2013.09.14"]

1. d4 Nf6 2. Nf3 e6 3. Bf4 d5 4. c3 c5 5. e3 Nc6 6. Nbd2 Bd6 7. Bg5 O-O 8. Bd3
e5 9. dxe5 Nxe5 10. Nxe5 Bxe5 11. Qc2 h6 12. Bh4 Qe7 13. Nf3 Bc7 14. Bf5 Bxf5
15. Qxf5 Qe6 16. Qxe6 fxe6 17. Bg3 Rac8 18. Rd1 Kh7 19. Bxc7 Rxc7 20. Ne5 b5
21. f3 c4 22. Ke2 a5 23. g4 b4 24. h4 Nd7 25. Nxd7 Rxd7 26. Rd2 Rb7 27. h5 a4
28. Rc1 bxc3 29. Rxc3 Rfb8 30. Rcc2 Rb4 31. f4 R8b5 32. Kf3 a3 33. bxa3 Ra4 34.
Rc3 1/2-1/2

[Event "Prva liga centralne Srbije 2013"]
[Site "Kragujevac"]
[Date "2013.09.15"]
[Round "2.6"]
[White "Jesic, Dusan"]
[Black "Paunovic, Tomislav"]
[Result "0-1"]
[WhiteElo "2357"]
[BlackElo "2327"]
[PlyCount "82"]
[EventDate "2013.09.14"]

1. d4 g6 2. g3 Bg7 3. Bg2 c5 4. dxc5 Na6 5. e4 Nxc5 6. Ne2 b6 7. O-O Bb7 8.
Nbc3 d6 9. Re1 Nf6 10. Nf4 O-O 11. Ncd5 Nfd7 12. a4 Ne5 13. Ra2 Rc8 14. b3 e6
15. Nb4 Qc7 16. c4 Rfd8 17. Rd2 Qb8 18. Na2 Qa8 19. f3 Qb8 20. Bb2 a6 21. Bd4
Bc6 22. Nc1 Qc7 23. Qc2 Be8 24. Red1 Qe7 25. Qb2 f5 26. exf5 gxf5 27. Nfe2 Nxa4
28. bxa4 Nxc4 29. Qb3 Nxd2 30. Rxd2 Bxd4+ 31. Rxd4 Bf7 32. Qxb6 e5 33. Rd1 d5
34. f4 d4 35. fxe5 Qxe5 36. Qb2 Qe3+ 37. Kh1 d3 38. Ng1 d2 39. Nce2 Bb3 40.
Rxd2 Rxd2 41. Qf6 Rxe2 0-1

[Event "Prva liga centralne Srbije 2013"]
[Site "Kragujevac"]
[Date "2013.09.15"]
[Round "2.6"]
[White "Todorovic, Bojan"]
[Black "Radovanovic, Jovica"]
[Result "0-1"]
[WhiteElo "2338"]
[BlackElo "2335"]
[PlyCount "58"]
[EventDate "2013.09.14"]

1. d4 Nf6 2. c4 e6 3. Nf3 d5 4. Bg5 Be7 5. Nc3 h6 6. Bh4 O-O 7. e3 b6 8. Be2
Bb7 9. O-O Nbd7 10. Rc1 c5 11. dxc5 Nxc5 12. Nd4 dxc4 13. Bxc4 a6 14. a3 b5 15.
Ba2 Qb6 16. b4 Ncd7 17. Qe2 Rac8 18. f3 Ne5 19. Bf2 Qa7 20. e4 Qa8 21. Rfd1
Rfd8 22. Bg3 Nc4 23. Nb1 Nh5 24. Bf2 Bg5 25. Rc3 Nf4 26. Qf1 Nb2 27. Rd2 Rxc3
28. Nxc3 Nh3+ 29. gxh3 Bxd2 0-1

[Event "Prva liga centralne Srbije 2013"]
[Site "Kragujevac"]
[Date "2013.09.15"]
[Round "2.6"]
[White "Misojcic, Miroslav"]
[Black "Carnic, Srdjan"]
[Result "1-0"]
[WhiteElo "2253"]
[BlackElo "2327"]
[PlyCount "95"]
[EventDate "2013.09.14"]

1. d4 Nf6 2. c4 e6 3. Nc3 Bb4 4. e3 O-O 5. Bd3 d5 6. Nf3 dxc4 7. Bxc4 c5 8. O-O
cxd4 9. exd4 Nbd7 10. Qe2 Qc7 11. Nb5 Qd8 12. Bf4 a6 13. Nc7 Nh5 14. Nxa8 Nxf4
15. Qe3 Ng6 16. Rac1 b5 17. Bb3 Bd6 18. Ne5 Ndxe5 19. dxe5 Bxe5 20. Rfd1 Qh4
21. g3 Qh3 22. Qf3 Bxb2 23. Rc2 e5 24. Rxb2 Bg4 25. Qd5 Bxd1 26. Bxd1 Qc8 27.
Nb6 Qc7 28. Nd7 Ne7 29. Qd3 Rd8 30. Rd2 Kh8 31. Bb3 Nc6 32. Rc2 Rxd7 33. Qe4
Rd6 34. Bd5 g6 35. Rxc6 Rxc6 36. Bxc6 f5 37. Qd5 Kg7 38. Qe6 e4 39. h4 e3 40.
Kf1 exf2 41. Qd7+ Qxd7 42. Bxd7 Kf6 43. Bc8 a5 44. Bd7 b4 45. Kxf2 Ke5 46. Ke3
h6 47. Kd3 Kd5 48. h5 1-0

[Event "Prva liga centralne Srbije 2013"]
[Site "Kragujevac"]
[Date "2013.09.15"]
[Round "2.6"]
[White "Nikolic, Boban"]
[Black "Urosevic, Zoran"]
[Result "1-0"]
[WhiteElo "2255"]
[BlackElo "2244"]
[PlyCount "87"]
[EventDate "2013.09.14"]

1. d4 Nf6 2. Nf3 g6 3. Bg5 Bg7 4. Nbd2 d5 5. c3 O-O 6. Bxf6 exf6 7. g3 Re8 8.
Bg2 c6 9. O-O Nd7 10. Ne1 f5 11. Nd3 Nf8 12. e3 Ne6 13. c4 dxc4 14. Nxc4 Nc7
15. Qb3 Nd5 16. Nce5 Re7 17. Rac1 Be6 18. Rxc6 bxc6 19. Nxc6 Qd6 20. Bxd5 Rc7
21. Bxe6 fxe6 22. Nce5 Qd5 23. Qxd5 exd5 24. Nf3 a5 25. Ra1 Bf8 26. Kf1 Bd6 27.
h4 Rb8 28. Ke2 Kg7 29. Kd2 Kf6 30. a3 Rb3 31. Ng1 Rb8 32. Ne2 Rc4 33. Nc3 Ke6
34. Rc1 h6 35. Rg1 Rb3 36. Kc2 a4 37. Ra1 g5 38. hxg5 hxg5 39. Rh1 Bxa3 40.
Rh6+ Kf7 41. Ne5+ Kg7 42. Rg6+ Kh7 43. Kd1 Bxb2 44. Nxd5 1-0